Catalog

Record Details

Catalog Search



Available copies

  • 1 of 1 copy available at LARL/NWRL Consortium.
  • 1 of 1 copy available at Lake Agassiz Regional Library. (Show preferred library)

Current holds

0 current holds with 1 total copy.

Show Only Available Copies
Location Call Number / Copy Notes Barcode Shelving Location Status Due Date
Detroit Lakes Public Library J WHI (Text) 33500013127188 Main Available -

Record details

  • ISBN: 9780062838285
  • ISBN: 0062838288
  • Physical Description: pages cm.
  • Edition: First edition.
  • Publisher: New York, NY : Katherine Tegen Books, an imprint of HarperCollinsPublishers, [2019]

Content descriptions

Summary, etc.:
Sixth-graders Cordelia, Agnes, and Benji go on a ... Read More
Subject: Middle schools > Fiction.
Schools > Fiction.
Ghosts > Fiction.
Haunted places > Fiction.
JUVENILE FICTION > Fantasy & Magic.
JUVENILE FICTION > Monsters.
JUVENILE FICTION > School & Education.
LDR 01499cam a22004458i 4500
001318441
003LARL_NWRL_CONSORTIUM
00520190916152944.0
008181212s2019 nyu c 000 1 eng
010 . ‡a 2018056407
040 . ‡aDLC ‡beng ‡erda ‡cDLC ‡dOCLCQ ‡dBDX
020 . ‡a9780062838285 ‡q(hardback)
020 . ‡a0062838288
035 . ‡a(OCoLC)1060580873
042 . ‡apcc ‡alcac
08200. ‡a[Fic] ‡223
084 . ‡aJUV037000 ‡aJUV052000 ‡aJUV035000 ‡2bisacsh
1001 . ‡aWhite, J. A., ‡eauthor.
24510. ‡aArchimancy. ‡n#1 / ‡cJ.A. White.
250 . ‡aFirst edition.
264 1. ‡aNew York, NY : ‡bKatherine Tegen Books, an imprint of HarperCollinsPublishers, ‡c[2019]
300 . ‡apages cm.
336 . ‡atext ‡btxt ‡2rdacontent
337 . ‡aunmediated ‡bn ‡2rdamedia
338 . ‡avolume ‡bnc ‡2rdacarrier
4900 . ‡aShadow school ; ‡v1
520 . ‡aSixth-graders Cordelia, Agnes, and Benji go on a quest to unravel the secrets of Shadow School.
650 1. ‡aMiddle schools ‡vFiction.
650 1. ‡aSchools ‡vFiction. ‡0(LARL_NWRL_CONSORTIUM)167222
650 1. ‡aGhosts ‡vFiction. ‡0(LARL_NWRL_CONSORTIUM)176019
650 1. ‡aHaunted places ‡vFiction.
650 7. ‡aJUVENILE FICTION ‡xFantasy & Magic. ‡2bisacsh
650 7. ‡aJUVENILE FICTION ‡xMonsters. ‡2bisacsh
650 7. ‡aJUVENILE FICTION ‡xSchool & Education. ‡2bisacsh
905 . ‡uvanderl
901 . ‡a318441 ‡b ‡c318441 ‡tbiblio ‡soclc

Additional Resources